Probeblatt zur neuen Übersichtskarte von Centra-Europa. Brünn, Troppau, Neutra. C.2. /
| Korporativní autor: | Rakousko-Uhersko. Militärgeographisches Institut |
|---|---|
| Další autoři: | Fendl, Josef, Lorenz, Karl |
| Jazyk: | Maďarština Němčina Slovenština Polština Čeština |
| Vydáno: |
Wien : Herausgegeben vom k.k. militär-geographischen Institute, 1883 |
| Edice: |
Třetí vojenské mapování 1:750 000 ;
C.2., 1883 Přehledná mapa střední Evropy v měřítku 1:750 000 ; C.2., 1883 |
| Témata: | |
| Externí odkaz: |
Digitalizovaný dokument
|
| Fyzický popis: |
1 mapa : barev. ; 33 x 39 cm, na listu 44 x 51 cm |
| LEADER | 02840nem a2200613 i 4500 | ||
|---|---|---|---|
| 001 | 001580135 | ||
| 003 | CZ BrMZK | ||
| 005 | 20170619122936.0 | ||
| 007 | aj|canzn | ||
| 008 | 170609s1883 au a 0| ger d | ||
| 034 | 1 | |a a |b 750000 |d E0150335 |e E0191241 |f N0503047 |g N0481605 | |
| 040 | |a BOA001 |b cze |e rda | ||
| 041 | 0 | |a ger |a hun |a cze |a pol |a slo | |
| 043 | |a e-xr--- |a e-au--- |a e-xo--- |a e-pl--- | ||
| 072 | 7 | |a 623 |x Vojenská technika |2 Konspekt |9 19 | |
| 072 | 7 | |a 912 |x Mapy. Atlasy. Glóby |2 Konspekt |9 7 | |
| 080 | |a 623.64 |2 MRF | ||
| 080 | |a 913(437.3) |2 MRF | ||
| 080 | |a 913(436) |2 MRF | ||
| 080 | |a 913(437.6) |2 2MRF | ||
| 080 | |a 913(438) |2 2MRF | ||
| 080 | |a (084.3)528.42 |2 MRF | ||
| 080 | |a (084.3)355/359 |2 MRF | ||
| 110 | 1 | |a Rakousko-Uhersko. |b Militärgeographisches Institut |4 ctg |4 pbl |7 ko20060405003 | |
| 245 | 1 | 0 | |a Probeblatt zur neuen Übersichtskarte von Centra-Europa. |p Brünn, Troppau, Neutra. |p C.2. / |c vom k.k. militär-geographischen Jnstitute ; Schrift und Gerippe v. K. Lorenz ; Terrainschraffirung v. Hauptmann Jos. Fendl |
| 246 | 3 | 0 | |a Brünn, Troppau, Neutra |
| 246 | 3 | 0 | |a C.2. |
| 246 | 3 | |a Übersichts-Karte von Mittel-Europa im Masse 1:750 000 der Natur. |g Bearbeitet und herausgegegeben vom K.u.k. Militär-geographischen Institute in Wien 1882-1886 | |
| 255 | |a Měřítko 1:750 000 |c (015°03'35" v.d.--019°12'41" v.d./050°30'47" s.š.--048°16'05" s.š.) | ||
| 264 | 1 | |a Wien : |b Herausgegeben vom k.k. militär-geographischen Institute, |c 1883 | |
| 300 | |a 1 mapa : |b barev. ; |c 33 x 39 cm, na listu 44 x 51 cm | ||
| 336 | |a kartografický obraz |b cri |2 rdacontent | ||
| 337 | |a bez média |b n |2 rdamedia | ||
| 338 | |a list |b nb |2 rdacarrier | ||
| 490 | 1 | |a [Übersichts-Karte von Mittel-Europa im Masse 1:750 000 der Natur] ; |v C.2., 1883 | |
| 490 | 1 | |a [Die Franzisco-Josephinische Landesaufnahme] ; |v C.2., 1883 | |
| 490 | 1 | |a [Přehledná mapa střední Evropy v měřítku 1:750 000] ; |v C.2., 1883 | |
| 500 | |a Pětibarevný otisk | ||
| 500 | |a Další údaje o vydání: 1883 | ||
| 562 | |a Původně přeloženo na 1/8 |5 CZ-BrMZK | ||
| 650 | 7 | |a vojenská topografie |7 ph316247 |2 czenas | |
| 651 | 7 | |a Brno (Česko : oblast) |7 ge128414 |2 czenas | |
| 651 | 7 | |a Opava (Česko : oblast) |7 ge128535 |2 czenas | |
| 651 | 7 | |a Nitra (Slovensko : oblast) |7 ge128490 |2 czenas | |
| 655 | 7 | |a topografické mapy |7 fd809173 |2 czenas | |
| 655 | 7 | |a vojenské mapy |7 fd133817 |2 czenas | |
| 700 | 1 | |a Fendl, Josef |4 ctg | |
| 700 | 1 | |a Lorenz, Karl |7 mub2017950518 |4 ctg | |
| 830 | 0 | |a Třetí vojenské mapování 1:750 000 ; |v C.2., 1883 | |
| 830 | 0 | |a Přehledná mapa střední Evropy v měřítku 1:750 000 ; |v C.2., 1883 | |
| 856 | 4 | 1 | |u http://www.digitalniknihovna.cz/mzk/uuid/uuid:65678f0a-272e-4c9c-a16d-b7c84528f219 |y Digitalizovaný dokument |
| 910 | |a BOA001 |b Mpa-1388.791,C.2-83 | ||
| 990 | |a MP | ||
| 991 | |b 201706 | ||
English
Čeština 